01073nam a2200193Ia 4500001001100000003001000011008004100021040002500062041001300087100002900100245006600129250001100195260006500206300002800271500021400299501011400513520021400627650003800841L852-36329IT-CnALBA170116s9999||||xx |||||||||||||| ||und|| aIT-CnALBAcIT-CnALBA aITALIANO aMETASTASIO PIETRO, ABATE 0aMELODRAMMI DI METASTASIO. DIDONE ABBANDONATA. ATTILIO REGOLO  a1a ed. a TObUTET, UNIONE TIP. EDITR. TORINESE c1944 [1° Ed.:1944] a124 p. (prefazione: 44) aCON NOTE. CURATORE BERNARDI C., INTRODUZIONE. NOTA BIBLIOGRAFICA SULL'AUTORE. PERSONAGGI ALL'INIZIO DEI MELODRAMMI. ENEA DIDONE IARBA. SELENA. ARASPE. OSMIDA. REGOLO. MANLIO. PUBLIO. BARCE. LICINIO. AMILCARE.  aSocietà San Paolo EM - Piazza San Paolo, 14 - 12051 ALBA (CN) (non commercial uses only) ® Copyright 2017 aCON NOTE. CURATORE BERNARDI C., INTRODUZIONE. NOTA BIBLIOGRAFICA SULL'AUTORE. PERSONAGGI ALL'INIZIO DEI MELODRAMMI. ENEA DIDONE IARBA. SELENA. ARASPE. OSMIDA. REGOLO. MANLIO. PUBLIO. BARCE. LICINIO. AMILCARE.  aLETTERATURA DRAMMATICA E COMMEDIA